Tìm hiểu các nước, các tôn giáo, phong tục và văn hóa trên thế giới.
Đã lưu trong:
| 格式: | Sách giấy |
|---|---|
| 語言: | Vietnamese English |
| 出版: |
H. :
Thanh niên,
2010.
|
| 叢編: | Trau dồi tiếng Anh khám thế giới.
|
| 主題: | |
| 標簽: |
添加標簽
沒有標簽, 成為第一個標記此記錄!
|
| Thư viện lưu trữ: | Thư viện Trường Đại học Đà Lạt |
|---|
| LEADER | 00839nam a2200313 4500 | ||
|---|---|---|---|
| 001 | DLU100108385 | ||
| 005 | ##20100531 | ||
| 040 | # | # | |a DLU |b vie |
| 041 | # | # | |a vie |a eng |
| 044 | # | # | |a vn |
| 082 | # | # | |a 428 |b Tim |
| 245 | # | # | |a Tìm hiểu các nước, các tôn giáo, phong tục và văn hóa trên thế giới. |
| 260 | # | # | |a H. : |b Thanh niên, |c 2010. |
| 300 | # | # | |a 79 tr. ; |c 20x29 cm. |
| 490 | # | # | |a Trau dồi tiếng Anh khám thế giới. |
| 505 | # | # | |a Châu Âu -- Châu Mỹ -- Châu Á -- Châu Phi -- Châu Đại Dương. |
| 653 | # | # | |a Sách song ngữ |
| 653 | # | # | |a Tiếng Anh |
| 923 | # | # | |a 04/2010 |
| 991 | # | # | |a GT |
| 992 | # | # | |a 32000 |
| 994 | # | # | |a DLU |
| 900 | # | # | |a True |
| 911 | # | # | |a Đào Thị Thu Huyền |
| 925 | # | # | |a G |
| 926 | # | # | |a A |
| 927 | # | # | |a SH |
| 980 | # | # | |a Thư viện Trường Đại học Đà Lạt |